000
00315nam a2200133Ia 4500
008
240624s9999 xx 000 0 und d
041
_a
eng
082
_a
828 CAR
100
_a
CARREL ALEXIS
245
_a
MAN THE UNKNOWN
260
_c
2010
_a
Mumbai
_b
Wilco Publishing House
300
_a
296 : p.
365
_c
RS
_b
25
999
_c
23620
_d
23620